000 00563cam a22001931a 4500
001 ne 65000599
003 DLC
005 20260227111812.0
008 910814s1946 ua 000 0 arar
010 _ane 65000599
035 _a(OCoLC)24231208
040 _aDLC
_cMWalB
_dMWalB
_dDLC
042 _apremarc
050 0 0 _aPJ7846.A46
_bQ25
100 1 _aMaḥfūẓ, Najīb,
_d1911-2006.
245 1 3 _aal-Qāhirah al-jadīdah /
_ctaʼlīf Najīb Maḥfūẓ.
260 _aal-Qāhirah :
_bMaktabat Miṣr wa-Maṭbaʻahuhā,
_c[1946]
300 _a177 p. ;
_c22 cm.
999 _c47998
_d47998